00289nam a2200109Ia 4500008004100000245004600041260003300087260000900120300001000129500001300139650002700152170224s9999 xx 000 0 und d aOn the Delays in Spiking Neural P Systems bPhilippine Computing Journal c2012 aVII:2 aDecember xInformation Technology